| 000 | 00519nam a2200181Ia 4500 | ||
|---|---|---|---|
| 008 | 090630s9999 xx 000 0 und d | ||
| 082 | _b16782 | ||
| 100 | _aसप्रे मधुवंती. | ||
| 245 |
_aशेरी. _cसप्रे मधुवंती. |
||
| 260 | _b--- | ||
| 300 | _a0 | ||
| 600 | _aसप्रे मधुवंती. | ||
| 630 | _aशेरी. | ||
| 655 | _aकाव्य. | ||
| 700 | _aसप्रे मधुवंती. | ||
| 730 | _aशेरी. | ||
| 942 | _cBOOK | ||
| 999 |
_c268638 _d268638 |
||